banner koha

Soluções tecnológicas para economizar água em irrigação (Registro n. 329129)

MARC details
000 -LÍDER
fixed length control field 00744nab a2200229 4500
003 - CÓDIGO MARC DA AGÊNCIA CATALOGADORA
Campo de controle BR-BrBNA
005 - DATA E HORA DA ÚLTIMA ATUALIZAÇÃO
Campo de controle 20241209232738.0
008 - CAMPO DE TAMANHO FIXO
fixed length control field 241209b bl.||||| |||| 00| 0 por d
040 ## - FONTE DA CATALOGAÇÃO
Agência catalogadora BR-BrBNA
Idioma da catalogação por
072 ## - CATEGORIA AGRIS
Código AGRIS F06 ; N20 ; P10
Código do objeto 4630
100 ## - ENTRADA PRINCIPAL - NOME PESSOAL
Nome pessoal Pace, Leonardo
245 ## - TÍTULO PRINCIPAL
Título principal Soluções tecnológicas para economizar água em irrigação
500 ## - NOTA GERAL
Nota geral 11 illus.
942 ## - ADDED ENTRY ELEMENTS (KOHA)
Koha item type Analítica
650 ## - ASSUNTO - THESAGRO
Cabeçalho tópico ou nome geográfico SISTEMA DE IRRIGAÇÃO
650 ## - ASSUNTO - THESAGRO
Cabeçalho tópico ou nome geográfico ADOÇÃO DE TECNOLOGIA
650 ## - ASSUNTO - THESAGRO
Cabeçalho tópico ou nome geográfico CONSERVAÇÃO DA ÁGUA
650 ## - ASSUNTO - THESAGRO
Cabeçalho tópico ou nome geográfico MANUTENÇÃO
650 ## - ASSUNTO - THESAGRO
Cabeçalho tópico ou nome geográfico EQUIPAMENTO DE IRRIGAÇÃO
773 0# - ENTRADA ANALÍTICA
Host Biblionumber 4820
Registro do item 344688
Imprenta Votuporanga/SP IRRIGAZINE 2009
Outro identificador 2024-5020
Título Irrigazine (Brazil)
Colação v. 9(33) p. 26-27; (Aug 2013)
Número de controle de registro BR2024003891

Nenhum exemplar disponível.

BINAGRI

Telefone: (61)3218-2567/2388/3357/2097 - binagri@agro.gov.br

Ministério da Agricultura e Pecuária , Esplanada dos Ministérios, Bloco D, Anexo B, Brasília/DF, CEP: 70.043-900